00720 a2200193 4500010001400000020001100014035001300025037001600038082001200054090001500066100002100081245007000102260004800172270009200220300003600312942002700348999001500375952013600390 aENG-88565 c200.00 aEN-72098 bDBAD / PUB14a915.104 c8914d89141 aBatcha, L. Kamal1 aA few days in the people's republic of China/cby L. Kamal Batcha aThanjavurbCrescent Moon Publicationsc2004 a23/35 Eswari Nagar, Medical College Road, Thanjavur - 613 004bThanjavure613 004cT.N. a168p.:c22cm (Hb)bcol. photos adplcENk915.104 / BAT c8753d8753 00102ddc40718NFICaDBADbDBADeDBAD/PUBg200.00l0o915.104 BATpEN-72098r2008-09-15 00:00:00t1u9697v200.00w2008-09-15yEN